Trenerzy Manchesteru City - nagła śmierć - Statystyki

Ogólne statystyki
  • Ten quiz został rozwiązany 120 razy
  • Średni wynik to 4 z 6
Answers on the Grid
Answers color-coded by a green-red scale on the quiz's grid according to % correct below.
Pep Guardiola
Jose Mourinho
Manuel Pellegrini
Fernando Santos
Roberto Mancini
Didier Deschamps
Waldemar Fornalik
Sven-Göran Eriksson
Marcelo Lippi
Diego Simeone
Mark Hughes
Stuart Pearce
 
Statystyki odpowiedzi
Odpowiedź % Poprawnych
Pep Guardiola
97%
Manuel Pellegrini
79%
Roberto Mancini
76%
Mark Hughes
65%
Sven-Göran Eriksson
61%
Stuart Pearce
60%
Nie znaleziono quizów pasujących do podanych kryteriów
Rozkład punktacji
Procent ludzi z każdym wynikiem
Percentyl według liczby udzielonych odpowiedzi
Twoja historia wyników
Nie rozwiązałeś tego quizu